Statistics for Official Names of Countries in Middle East

Click here to take the quiz!

General Stats

  • This quiz has been taken 4 times
    (3 since last reset)
  • The average score is 17 of 20

Answer Stats

CountryOfficial Name% Correct
EgyptArab Republic of Egypt
100%
AfghanistanIslamic Republic of Afghanistan
100%
BahrainKingdom of Bahrain
100%
Saudi ArabiaKingdom of Saudi Arabia
100%
CyprusRepublic of Cyprus
100%
IraqRepublic of Iraq
100%
SudanRepublic of Sudan
100%
TürkiyeRepublic of Türkiye
100%
YemenRepublic of Yemen
100%
PalestineState of Palestine
100%
OmanSultanate of Oman
100%
United Arab EmiratesUnited Arab Emirates
100%
JordanHashemite Kingdom of Jordan
67%
LebanonLebanese Republic
67%
IsraelState of Israel
67%
KuwaitState of Kuwait
67%
QatarState of Qatar
67%
SyriaSyrian Arab Republic
67%
IranIslamic Republic of Iraq
33%
LibyaState of Libya
33%

Score Distribution

Percentile by Number Answered

Percent of People with Each Score

Your Score History

You have not taken this quiz since the last reset